000 00424nam a22001577a 4500
005 20260422130201.0
008 260422b |||||||| |||| 00| 0 eng d
020 _a9780691037790
050 _aE184.A1M84
100 _aCharles Taylor
245 _aMulticulturalism
_cby Charles Taylor
260 _aNew jeerssey
_bPrinceton University press
_cc1994
300 _axiii,175p
500 _aincludes index
942 _2lcc
_cBK
_n0
999 _c9454
_d9454